| 000 | 00387nam a2200145Ia 4500 | ||
|---|---|---|---|
| 008 | 160319s9999 xx 000 0 und d | ||
| 245 | _aDisney Learning ages 6 & up: | ||
| 245 | _bAdventures in typing / | ||
| 260 | _bDisney Interactive. | ||
| 300 | _a1 video disc : | ||
| 300 | _bsound, colored ; | ||
| 300 | _c4 3/4 in. | ||
| 650 | _aTyping-- | ||
| 650 | _xInteractive multimedia. | ||
| 999 |
_c292725 _d292725 |
||